00602nam a2200181 i 4500001000700000003000900007005001700016008004100033080000800074100003300082245006500115260005900180300003500239490004700274650001800321830004700339852003400386151973ES-MaACL20250730063134.0920728s1879 fr a |||| | fre d a6121 aBernard, Claude, d1813-187810aLeçons de physiologie opératoire / cpar Claude Bernard. aParis : bLibrairie J.-B. Baillière et fils, c1879. aXVI, 614 p. : bil. ; c22 cm.1 aCours de médecine du Collége de France 4aFisiología.0 aCours de médecine du Collége de France aES-MaACLjB-576 z- Enc. hol.